Industrial Organic Chemistry / (Record no. 17380)

MARC details
000 -LEADER
fixed length control field 00946nam a22003011a 4500
001 - CONTROL NUMBER
control field 015662510
003 - CONTROL NUMBER IDENTIFIER
control field Uk
005 - DATE AND TIME OF LATEST TRANSACTION
control field 20130320114132.0
007 - PHYSICAL DESCRIPTION FIXED FIELD--GENERAL INFORMATION
fixed length control field ta
008 - FIXED-LENGTH DATA ELEMENTS--GENERAL INFORMATION
fixed length control field 110630s2010 gw a 001 0 eng d
020 ## - INTERNATIONAL STANDARD BOOK NUMBER
International Standard Book Number 3527320024
020 ## - INTERNATIONAL STANDARD BOOK NUMBER
International Standard Book Number 9783527320028 (hbk.)
082 04 - DEWEY DECIMAL CLASSIFICATION NUMBER
Classification number 661.8
Edition number 23
Item number ARP
100 1# - MAIN ENTRY--PERSONAL NAME
Personal name Arpe, Hans-Jürgen.
9 (RLIN) 32907
240 10 - UNIFORM TITLE
Uniform title <a href="Industrielle organische Chemie.">Industrielle organische Chemie.</a>
Language of a work English
245 10 - TITLE STATEMENT
Title Industrial Organic Chemistry /
Statement of responsibility, etc Hans-Jürgen Arpe.
250 ## - EDITION STATEMENT
Edition statement 5th completely rev. ed.
260 ## - PUBLICATION, DISTRIBUTION, ETC. (IMPRINT)
Place of publication, distribution, etc Weinheim :
Name of publisher, distributor, etc WileyVCH,
Date of publication, distribution, etc 2010.
300 ## - PHYSICAL DESCRIPTION
Extent xxi, 504 p. :
Other physical details ill. ;
Dimensions 25 cm.
500 ## - GENERAL NOTE
General note Translated from German.
500 ## - GENERAL NOTE
General note Previous editions by Klaus Weissermel, Hans-Jürgen Arpe.
500 ## - GENERAL NOTE
General note Includes index.
650 #0 - SUBJECT ADDED ENTRY--TOPICAL TERM
Topical term or geographic name as entry element Chemistry, Organic.
9 (RLIN) 32908
650 #0 - SUBJECT ADDED ENTRY--TOPICAL TERM
Topical term or geographic name as entry element Chemistry, Technical.
9 (RLIN) 32575
653 ## - INDEX TERM--UNCONTROLLED
Resource For college
Arrived date list March2013
700 1# - ADDED ENTRY--PERSONAL NAME
Personal name Weissermel, Klaus.
Title of a work Industrielle organische Chemie.
9 (RLIN) 32909
942 ## - ADDED ENTRY ELEMENTS (KOHA)
Source of classification or shelving scheme Dewey Decimal Classification
Item type Book - Borrowing
Holdings
Withdrawn status Item status Source of classification or shelving scheme Damaged status Not for loan Vendor Home library Current library Shelving location Date acquired Source of acquisition Total Checkouts Full call number Barcode Date last seen Koha item type Total Renewals Date last borrowed
    Dewey Decimal Classification     Baccah Central Library Central Library First floor 20/03/2013     661.8 ARP 000028553 15/07/2025 Book - Borrowing    
    Dewey Decimal Classification     Baccah Central Library Central Library First floor 20/03/2013     661.8 ARP 000028554 15/07/2025 Book - Borrowing    
    Dewey Decimal Classification     Baccah Central Library Central Library First floor 20/03/2013   2 661.8 ARP 000028555 15/07/2025 Book - Borrowing 8 13/03/2019